000 00562nam a2200193Ii 4500
003 JO-AjNU
008 230606s9999||||xx |||||||||||||| ||und||
040 _aJO-AjNU
_beng
_erda
_cJO-AjNU
041 _aeng
050 1 4 _aQC530 2011
100 3 _ajieeec ,
_eauthor
_95034
245 0 0 _athe7 jodranian international electrical and electronics Engineering conference
264 3 1 _ajieeec ,2011
300 _a337P
336 _atext
_btxt
_2rdacontent
337 _aunmediated
_bn
_2rdamedia
338 _avolume
_bnc
_2rdacarrier
650 4 _aelectronics
_95035
999 _aE2604
_c2602
_d2602